The architecture of humanism : (Record no. 95498)

MARC details
000 -LEADER
fixed length control field 00612nam a2200217Ia 4500
008 - FIXED-LENGTH DATA ELEMENTS--GENERAL INFORMATION
fixed length control field
090 ## - LOCALLY ASSIGNED LC-TYPE CALL NUMBER (OCLC); LOCAL CALL NUMBER (RLIN)
Classification number (OCLC) (R) ; Classification number, CALL (RLIN) (NR) NA2500
Local cutter number (OCLC) ; Book number/undivided call number, CALL (RLIN) SCO
003 - CONTROL NUMBER IDENTIFIER
control field
005 - DATE AND TIME OF LATEST TRANSACTION
control field 20230120131025.0
040 ## - CATALOGING SOURCE
Transcribing agency NUST
049 ## - LOCAL HOLDINGS (OCLC)
Holding library MAIN
100 1# - MAIN ENTRY--PERSONAL NAME
Personal name Scott, Geoffrey.
245 14 - TITLE STATEMENT
Title The architecture of humanism :
Remainder of title a study in the history of taste /
Statement of responsibility, etc. by Geoffrey Scott.
260 ## - PUBLICATION, DISTRIBUTION, ETC.
Place of publication, distribution, etc. London :
Name of publisher, distributor, etc. Methuen,
Date of publication, distribution, etc. 1961.
300 ## - PHYSICAL DESCRIPTION
Extent 265 p. ;
Dimensions 21 cm.
490 0# - SERIES STATEMENT
Series statement University paperbacks.
650 #0 - SUBJECT ADDED ENTRY--TOPICAL TERM
Topical term or geographic name entry element Architecture.
650 #0 - SUBJECT ADDED ENTRY--TOPICAL TERM
Topical term or geographic name entry element Aesthetics.
907 ## - LOCAL DATA ELEMENT G, LDG (RLIN)
a .b10187881
b 06-02-13
c 26-01-06
942 ## - ADDED ENTRY ELEMENTS (KOHA)
Koha item type Ordinary Loan Books
Call number prefix NA2500
Call number suffix SCO
Holdings
Date last seen Total Checkouts Full call number Barcode Cost, replacement price Price effective from Koha item type Lost status Source of classification or shelving scheme Damaged status Not for loan Collection Withdrawn status Home library Current library Shelving location Date acquired Cost, normal purchase price
01/20/2023   NA2500 SCO 92003000550 80.00 01/20/2023 BOOKS   lcc     NFIC   FOBE FOBE GEN 01/20/2023 80.00